• 首页
  • 本馆介绍
  • 公告通知
  • 最新文献
  • 馆藏检索
  • 电子资源
  • 读者导购
  • 参考咨询
  • 我的图书馆
  • 登录
  • 详细信息显示
  • 放入我的书架
  • 预约/预借图书
  • 作者相关作品
  • 分类相关作品
  • 丛书相关作品
  • 出版社相关作品

书目信息

  • 表格格式
  • 工作单格式
  • 卡片格式
题名:
十万个不要
    
 
作者: 潮林 主编
分册:   心理健康篇
出版信息: 北京   农村读物出版社  1991
页数: 322页
开本: 19cm
丛书名:
单 册:
中图分类: Z228 , R395.6 , B841
科图分类:
主题词: 生活--知识 , 心理卫生 , 心理学研究方法
电子资源:
ISBN: 7-5048-1812-7
000 00791nam0 2200277 45
001 1241065392
005 20120928112814.00
010    @a7-5048-1812-7@dCNY4.90
010    @a7-5048-1812-7@b精装@dCNY7.50
100    @a19920513d1991 demy0chiy0121 ea
101 0  @achi
102    @aCN@b110000
105    @ay z 000yy
200 10 @a十万个不要@ASHI WAN GE BU YAO@i心理健康篇@IXIN LI JIAN KANG PIAN@f潮 林主编@FCHAO LIN ZHU BIAN
210    @a北京@c农村读物出版社@d1991
215    @a322页@d19cm
540 1  @a心理 健康@AXIN LI JIAN KANG
606 0  @a生活@x知识
606 0  @a心理卫生
606 0  @a心理学研究方法
690    @aZ228@v三版
690    @aR395.6@v三版
690    @aB841@v4
701  0 @a潮林@ACHAO LIN@4主编
801  0 @aCN@bTSSF@c19920513
905    @a10447@dB841@eJY1
    
    十万个不要.心理健康篇/潮 林主编.-北京:农村读物出版社,1991
    322页;19cm
    
    
    ISBN 7-5048-1812-7:CNY4.90
    
●
相关链接 在E读中查询图书 在五车中查询图书 在当当中查询图书 在豆瓣中查询图书


正题名:十万个不要     索取号:B841/JY1         预约/预借

序号 登录号 条形码 馆藏地/架位号 状态 备注
1 7830052   278300526   学院路分馆/ [索取号:B841/JY1] 在馆    
2 7830053   278300535   学院路分馆/ [索取号:B841/JY1] 在馆    
唐山师范学院图书馆 欢迎您!
大连网信软件有限公司© 版权所有